| 000 -LEADER |
| fixed length control field |
00707cam a2200217 a 4500 |
| 020 ## - INTERNATIONAL STANDARD BOOK NUMBER |
| ISBN |
9789251076415 |
| 020 ## - INTERNATIONAL STANDARD BOOK NUMBER |
| ISBN |
9251076413 |
| 040 ## - CATALOGING SOURCE |
| Transcribing agency |
UAB |
| 082 ## - DEWEY DECIMAL CLASSIFICATION NUMBER |
| Classification number |
633 FOO 2013 A038 Or. |
| 100 1# - MAIN ENTRY--AUTHOR NAME |
| Personal name |
Howeler, R. H. |
| 245 10 - TITLE STATEMENT |
| Title |
Save and grow : |
| Remainder of title |
cassava : a guide to sustainable production intensification / |
| 260 ## - PUBLICATION, DISTRIBUTION, ETC. (IMPRINT) |
| Place of publication |
Rome : |
| Name of publisher |
Food and Agriculture Organization of the United Nations, |
| Year of publication |
2013. |
| 300 ## - PHYSICAL DESCRIPTION |
| Number of Pages |
x, 129 p. : |
| Other physical details |
col. ill., col. map ; |
| Dimensions |
26 cm. |
| 650 #0 - SUBJECT ADDED ENTRY--TOPICAL TERM |
| Topical Term |
Cassava. |
| 650 #0 - SUBJECT ADDED ENTRY--TOPICAL TERM |
| Topical Term |
Agricultural systems. |
| 650 #0 - SUBJECT ADDED ENTRY--TOPICAL TERM |
| Topical Term |
Sustainable agriculture. |
| 700 1# - ADDED ENTRY--PERSONAL NAME |
| Personal name |
Lutaladio, NeBambi. |
| 700 1# - ADDED ENTRY--PERSONAL NAME |
| Personal name |
Thomas, Graeme. |
| 710 2# - ADDED ENTRY--CORPORATE NAME |
| Corporate name or jurisdiction name as entry element |
Food and Agriculture Organization of the United Nations. |
| 942 ## - ADDED ENTRY ELEMENTS (KOHA) |
| Koha item type |
សៀវភៅភាសាអង់គ្លេស |
| 952 ## - LOCATION AND ITEM INFORMATION (KOHA) |
| Withdrawn status [LOCAL, KOHA] |
0 |